000 00580nam a2200205Ia 4500
005 20250508170238.0
008 008 250505s9999 xx 000 0 eng d
020 _a978--1071-9041-45
037 _aReference
040 _aFEDL
_beng
_cFEDL
041 _aeng
_2eng
084 _a323.34, SHA/RR
_qFEDL
100 _aShackelford Todd K Ed.
_9783605
245 0 _aSage handbook of domestic violence, 1 Vol.
260 _aLondon, UK
_bSage
_c2021
300 _axxxiii, 550p.
365 _aGBP
_b265
942 _cREF
_h323.34, SHA/RR
999 _c1399999
_d1399999